00983nas a2200229Ia 4500001001100000003000900011008004100020040001300061040001300074041001300087100004900100210002600149222002600175245010400201250001100305260002900316501008600345300001800431362002400449500022700473650005300700R519/B9352IT-RoPAU151124c99999999xx |||||||||||| ||und|| aIT-RoPAU cIT-RoPAU aITALIANO aSchreiber Fabio A.gCodice Aut. SPICS: 53577 aECONOMIA & MANAGEMENT aEconomia & Management aECONOMIA & MANAGEMENT, N.05 (OTTOBRE 1993)bSistemi Informativi Per Le Funzioni Vitali Dell'Azienda a1a ed. aMILANObETAS LIBRIc1993 bPaulus - SPICS - Società San Paolo EM (non-commercial uses only)cCopyright2015 a8 p. [99-106] aN.05 (OTTOBRE 1993) aVengono Descritte Caratteristiche, Architetture, Problemi di Definizione, Progettazione e Realizzazione di Sistemi Informativi per Applicazioni Nellequali il Rischio D'Insuccesso Comporti Costi Economici e Sociali Elevati. aPUBBLICITA' - MARKETINGvPUBBLICAZIONE PERIODICA